Clash Royale - all goblins - Statistics

General Stats
  • This quiz has been taken 322 times
    316 since last reset
  • The average score is 10 of 16
Answer Stats
Answer % Correct
Goblins
99%
Spear Goblins
97%
Goblin Giant
94%
Goblin Gang
92%
Goblin Barrel
90%
Goblin Hut
79%
Goblin Curse
73%
Goblin Cage
71%
Goblin Machine
70%
Dart Goblin
64%
Goblin Demolisher
54%
Goblin Drill
50%
Goblinstein
43%
Suspicious Bush
31%
Bowler
10%
Baby Goblins
7%
No matching quizzes found
Score Distribution
Percent of People with Each Score
Percentile by Number Answered
Your Score History
You have not taken this quiz since the last reset